000 00624nam a2200205Ia 4500
001 1720
003 GE_BSU
008 181216s||||||||xx |||||||||||||| ||und||
040 _cGE_BSU
080 _a81(075.8)
100 _aჩიქობავა,ა.ს.
245 _aენათმეცნიერების შესავალი
260 _aთბილისი
260 _bთბილისის სახ. უნ–ტი
260 _c1952
300 _a412გვ. 21სმ.
541 _h12ლ
653 _aენათმეცნიერების შესავალი
942 _cBK
999 _c35829
_d35829